States That Don't Have DIII College Football Teams - Statistics

General Stats
  • This quiz has been taken 11 times
  • The average score is 12 of 17
Answer Stats
Answer % Correct
Alaska
91%
Montana
91%
Wyoming
91%
Hawaii
82%
Idaho
82%
North Dakota
82%
Arizona
73%
Colorado
73%
South Dakota
73%
Utah
73%
Kansas
64%
New Mexico
64%
Delaware
55%
Florida
55%
Nevada
55%
Oklahoma
55%
South Carolina
55%
No matching quizzes found
Score Distribution
Percent of People with Each Score
Percentile by Number Answered
Your Score History
You have not taken this quiz